| 000 | 00687nam a2200217Ia 4500 | ||
|---|---|---|---|
| 005 | 20250425162731.0 | ||
| 008 | 250425s9999 xx 000 0 und d | ||
| 020 | _a9781107683860 | ||
| 041 | _aeng | ||
| 082 |
_a551.5 _pBAR |
||
| 100 | _aBarros, Vicente R. | ||
| 245 | 0 |
_aClimate Change 2014: Impacts, Adaptation, And Vulnerability Part B: Regional Aspects _cVicente R. Barros; Christopher B. Field |
|
| 250 | _aPrimera edición | ||
| 260 |
_aNew York _bCambridge University Press _c2014 |
||
| 300 |
_a1820 p. _bilustrado _c27.9 cm. |
||
| 500 | _aContenido, anexos | ||
| 650 | _aCambio Climático | ||
| 700 |
_aField, Christopher B. _eCoautor |
||
| 942 | _c01 | ||
| 010 | _a103923 | ||
| 999 |
_c235344 _d235344 |
||